000
00232nam a2200097Ia 4500
008
190216s9999||||xx |||||||||||||| ||und||
100
_a
Muhammed T
245
0
_a
Bharatheeya Samskarathinde Adiozhukkukal
260
_b
Null
942
_c
BK
999
_c
25189
_d
25189